[Event "DVM U20 2017"]
[Site "Düsseldorf GER"]
[Date "2017.12.27"]
[Round "1"]
[White "Ließ, Alexander"]
[Black "Sabirov, Ramil"]
[Result "1/2-1/2"]
[Termination "normal"]
[Board "2.4"]
[WhiteElo "1770"]
[BlackElo "2093"]
[WhiteClock "00:14:46"]
[BlackClock "00:16:45"]
[WhiteTeam "SC Bavaria Regensburg"]
[BlackTeam "SG Porz"]
[PlyCount "46"]
[WhiteFideId "16221338"]
[BlackFideId "12900303"]
[EventCountry "GER"]
[EventRounds "7"]
[EventType "team-swiss"]
[EventDate "2017.12.26"]

1. d4 {[%clk 1:30:53]} Nf6 {[%clk 1:30:42]} 2. Nf3 {[%clk 1:30:19]} g6 {[%clk
1:31:02]} 3. Bf4 {[%clk 1:30:05]} Bg7 {[%clk 1:30:59]} 4. e3 {[%clk 1:30:01]}
d6 {[%clk 1:30:42]} 5. Be2 {[%clk 1:28:15]} O-O {[%clk 1:30:57]} 6. h3 {[%clk
1:26:48]} Nbd7 {[%clk 1:30:50]} 7. O-O {[%clk 1:25:45]} b6 {[%clk 1:30:28]} 8.
Bh2 {[%clk 1:24:30]} Bb7 {[%clk 1:30:48]} 9. a4 {[%clk 1:23:51]} a6 {[%clk
1:23:18]} 10. c3 {[%clk 1:18:24]} c5 {[%clk 1:21:31]} 11. Nbd2 {[%clk 1:09:25]}
Qc7 {[%clk 1:15:39]} 12. Rc1 {[%clk 0:57:49]} Rfe8 {[%clk 1:06:43]} 13. b4
{[%clk 0:48:59]} Rac8 {[%clk 0:54:22]} 14. a5 {[%clk 0:41:24]} cxb4 {[%clk
0:32:50]} 15. axb6 {[%clk 0:28:27]} Nxb6 {[%clk 0:26:56]} 16. cxb4 {[%clk
0:25:49]} Qxc1 {[%clk 0:26:34]} 17. Qxc1 {[%clk 0:26:10]} Rxc1 {[%clk 0:26:59]}
18. Rxc1 {[%clk 0:26:33]} Nbd5 {[%clk 0:19:59]} 19. b5 {[%clk 0:23:13]} axb5
{[%clk 0:20:20]} 20. Bxb5 {[%clk 0:23:33]} Rc8 {[%clk 0:19:56]} 21. Rxc8+
{[%clk 0:19:58]} Bxc8 {[%clk 0:20:20]} 22. e4 {[%clk 0:15:16]} Nc3 {[%clk
0:17:31]} 23. Bd3 {[%clk 0:14:46]} Bb7 {[%clk 0:16:45]} 1/2-1/2

[Event "DVM U20 2017"]
[Site "Düsseldorf GER"]
[Date "2017.12.27"]
[Round "1"]
[White "Ramien, David"]
[Black "Brüll, Elias"]
[Result "1-0"]
[Termination "normal"]
[Board "2.5"]
[WhiteElo "2160"]
[BlackElo "1802"]
[WhiteClock "00:25:17"]
[BlackClock "00:05:06"]
[WhiteTeam "SG Porz"]
[BlackTeam "SC Bavaria Regensburg"]
[PlyCount "45"]
[WhiteFideId "12948241"]
[BlackFideId "12964921"]
[EventCountry "GER"]
[EventRounds "7"]
[EventType "team-swiss"]
[EventDate "2017.12.26"]

1. e4 {[%clk 1:30:57]} c5 {[%clk 1:30:55]} 2. Nf3 {[%clk 1:31:23]} d6 {[%clk
1:31:18]} 3. d4 {[%clk 1:31:48]} cxd4 {[%clk 1:31:44]} 4. Nxd4 {[%clk 1:32:15]}
Nf6 {[%clk 1:32:05]} 5. Nc3 {[%clk 1:32:41]} a6 {[%clk 1:32:31]} 6. Be2 {[%clk
1:33:07]} e5 {[%clk 1:32:44]} 7. Nb3 {[%clk 1:33:32]} Be7 {[%clk 1:31:35]} 8.
O-O {[%clk 1:33:56]} b5 {[%clk 1:25:28]} 9. a4 {[%clk 1:20:14]} bxa4 {[%clk
1:10:47]} 10. Rxa4 {[%clk 1:18:53]} Nbd7 {[%clk 1:05:06]} 11. Be3 {[%clk
1:06:07]} Nb6 {[%clk 0:52:32]} 12. Rb4 {[%clk 1:02:19]} Rb8 {[%clk 0:41:47]}
13. Qa1 {[%clk 0:38:55]} Nfd7 {[%clk 0:21:38]} 14. Na5 {[%clk 0:27:47]} Qc7
{[%clk 0:20:12]} 15. Nc4 {[%clk 0:27:12]} d5 {[%clk 0:13:44]} 16. Bxb6 {[%clk
0:25:52]} Nxb6 {[%clk 0:13:37]} 17. Rxb6 {[%clk 0:26:13]} dxc4 {[%clk 0:12:06]}
18. Nd5 {[%clk 0:26:31]} Qa7 {[%clk 0:12:08]} 19. Rxb8 {[%clk 0:25:51]} Qxb8
{[%clk 0:12:37]} 20. Bxc4 {[%clk 0:26:13]} a5 {[%clk 0:08:57]} 21. Qxa5 {[%clk
0:24:35]} Qxb2 {[%clk 0:08:31]} 22. Bb5+ {[%clk 0:24:54]} Bd7 {[%clk 0:05:06]}
23. Bxd7+ {[%clk 0:25:17]} 1-0

[Event "DVM U20 2017"]
[Site "Düsseldorf GER"]
[Date "2017.12.27"]
[Round "1"]
[White "Sammet, Dominik"]
[Black "Sewald, Kathrin"]
[Result "0-1"]
[Termination "normal"]
[Board "2.6"]
[WhiteElo "1678"]
[BlackElo "1890"]
[WhiteClock "00:01:41"]
[BlackClock "00:08:28"]
[WhiteTeam "SC Bavaria Regensburg"]
[BlackTeam "SG Porz"]
[PlyCount "72"]
[WhiteFideId "12987875"]
[BlackFideId "12964557"]
[EventCountry "GER"]
[EventRounds "7"]
[EventType "team-swiss"]
[EventDate "2017.12.26"]

1. e4 {[%clk 1:30:14]} e5 {[%clk 1:30:55]} 2. Nf3 {[%clk 1:29:10]} d6 {[%clk
1:31:19]} 3. d4 {[%clk 1:28:01]} Qe7 {[%clk 1:30:31]} 4. dxe5 {[%clk 1:23:52]}
dxe5 {[%clk 1:30:45]} 5. Nc3 {[%clk 1:20:17]} c6 {[%clk 1:31:01]} 6. Bc4 {[%clk
1:18:35]} h6 {[%clk 1:31:09]} 7. O-O {[%clk 1:15:31]} Nf6 {[%clk 1:29:37]} 8.
a3 {[%clk 1:08:48]} g6 {[%clk 1:24:14]} 9. h3 {[%clk 0:59:21]} Bg7 {[%clk
1:19:34]} 10. Be3 {[%clk 0:54:55]} O-O {[%clk 1:18:49]} 11. Qe2 {[%clk
0:54:24]} Nbd7 {[%clk 1:15:45]} 12. Rad1 {[%clk 0:45:21]} Kh7 {[%clk 1:12:46]}
13. Ba2 {[%clk 0:36:27]} Ne8 {[%clk 1:07:49]} 14. Rfe1 {[%clk 0:33:13]} Rg8
{[%clk 1:02:27]} 15. Qc4 {[%clk 0:30:32]} Nd6 {[%clk 1:00:22]} 16. Qd3 {[%clk
0:27:33]} Bf8 {[%clk 0:59:21]} 17. Na4 {[%clk 0:19:18]} Ne8 {[%clk 0:56:57]}
18. b4 {[%clk 0:19:00]} Nef6 {[%clk 0:51:43]} 19. Nc5 {[%clk 0:16:50]} Rg7
{[%clk 0:42:36]} 20. Nxd7 {[%clk 0:12:48]} Nxd7 {[%clk 0:42:54]} 21. c4 {[%clk
0:10:53]} g5 {[%clk 0:34:55]} 22. c5 {[%clk 0:09:59]} a5 {[%clk 0:28:00]} 23.
Ra1 {[%clk 0:08:28]} g4 {[%clk 0:25:10]} 24. hxg4 {[%clk 0:08:46]} Rxg4 {[%clk
0:24:34]} 25. Bd2 {[%clk 0:07:47]} axb4 {[%clk 0:20:26]} 26. axb4 {[%clk
0:08:06]} Rb8 {[%clk 0:18:41]} 27. Qc4 {[%clk 0:07:41]} Rg7 28. Rad1 {[%clk
0:06:46]} Qf6 {[%clk 0:18:44]} 29. Qd3 {[%clk 0:05:35]} Be7 {[%clk 0:17:58]}
30. Bc3 {[%clk 0:05:05]} Qg6 {[%clk 0:16:37]} 31. Qf1 {[%clk 0:05:29]} Qh5
{[%clk 0:16:35]} 32. Rxd7 {[%clk 0:04:19]} Bxd7 {[%clk 0:14:49]} 33. Bxe5
{[%clk 0:04:40]} Rbg8 {[%clk 0:13:48]} 34. Bxg7 {[%clk 0:04:34]} Rxg7 {[%clk
0:14:07]} 35. Qd3 {[%clk 0:02:08]} Rxg2+ {[%clk 0:08:11]} 36. Kxg2 {[%clk
0:01:41]} Bh3+ {[%clk 0:08:28]} 0-1

[Event "DVM U20 2017"]
[Site "Düsseldorf GER"]
[Date "2017.12.27"]
[Round "1"]
[White "Savchenko, Daniel"]
[Black "Ruff, Maximilian"]
[Result "1-0"]
[Termination "normal"]
[Board "3.1"]
[BlackTitle "FM"]
[WhiteElo "2080"]
[BlackElo "2280"]
[WhiteClock "00:19:28"]
[BlackClock "00:00:35"]
[WhiteTeam "Düsseldorfer SK"]
[BlackTeam "SF Sasbach"]
[PlyCount "85"]
[WhiteFideId "12919195"]
[BlackFideId "1271670"]
[EventCountry "GER"]
[EventRounds "7"]
[EventType "team-swiss"]
[EventDate "2017.12.26"]

1. e4 {[%clk 1:30:54]} c5 {[%clk 1:30:48]} 2. Nf3 {[%clk 1:31:15]} e6 {[%clk
1:31:11]} 3. d4 {[%clk 1:31:39]} cxd4 {[%clk 1:31:34]} 4. Nxd4 {[%clk 1:32:04]}
a6 {[%clk 1:31:52]} 5. Bd3 {[%clk 1:32:22]} Nc6 {[%clk 1:31:43]} 6. Nb3 {[%clk
1:32:13]} Nf6 {[%clk 1:32:06]} 7. O-O {[%clk 1:31:54]} d5 {[%clk 1:30:35]} 8.
Nc3 {[%clk 1:28:49]} Be7 {[%clk 1:25:25]} 9. Qe1 {[%clk 1:24:47]} dxe4 {[%clk
1:23:03]} 10. Nxe4 {[%clk 1:25:04]} O-O {[%clk 1:23:11]} 11. Nxf6+ {[%clk
1:20:06]} Bxf6 {[%clk 1:23:34]} 12. Qe4 {[%clk 1:20:22]} g6 {[%clk 1:22:34]}
13. c3 {[%clk 1:20:07]} e5 {[%clk 1:19:50]} 14. Qe2 {[%clk 1:17:11]} Re8 {[%clk
1:11:47]} 15. Nc5 {[%clk 1:10:55]} Bg7 {[%clk 1:04:54]} 16. Bc2 {[%clk
0:57:53]} Qe7 {[%clk 1:01:50]} 17. Ne4 {[%clk 0:55:16]} Bf5 {[%clk 0:56:55]}
18. f3 {[%clk 0:50:49]} h6 {[%clk 0:45:20]} 19. Be3 {[%clk 0:49:49]} Qc7 {[%clk
0:42:08]} 20. Qf2 {[%clk 0:48:13]} Rac8 {[%clk 0:31:41]} 21. Bb6 {[%clk
0:44:50]} Qb8 {[%clk 0:32:07]} 22. Rad1 {[%clk 0:44:53]} Bxe4 {[%clk 0:23:59]}
23. fxe4 {[%clk 0:45:11]} f6 {[%clk 0:24:18]} 24. Rd3 {[%clk 0:33:01]} Re7
{[%clk 0:18:31]} 25. Bc5 {[%clk 0:32:36]} Ree8 {[%clk 0:18:47]} 26. Rd7 {[%clk
0:32:40]} Rc7 {[%clk 0:13:40]} 27. Bb3+ {[%clk 0:29:24]} Kh7 {[%clk 0:14:03]}
28. Rf7 {[%clk 0:27:25]} Nd8 {[%clk 0:10:49]} 29. Rxc7 {[%clk 0:23:51]} Qxc7
{[%clk 0:11:17]} 30. Bb6 {[%clk 0:23:56]} Qc6 {[%clk 0:09:13]} 31. Bd5 {[%clk
0:23:47]} Qb5 {[%clk 0:05:52]} 32. Rd1 {[%clk 0:22:49]} Ne6 {[%clk 0:02:53]}
33. g3 {[%clk 0:22:04]} Ng5 {[%clk 0:01:39]} 34. Kg2 {[%clk 0:22:13]} Re7
{[%clk 0:01:35]} 35. h4 {[%clk 0:21:57]} Ne6 {[%clk 0:01:36]} 36. h5 {[%clk
0:20:40]} Qe8 {[%clk 0:01:30]} 37. Bb3 {[%clk 0:19:28]} Nf8 {[%clk 0:00:35]}
38. Rd8 {[%clk 0:19:41]} Qc6 {[%clk 0:00:43]} 39. hxg6+ {[%clk 0:20:03]} Kh8
{[%clk 0:00:43]} 40. Bd5 {[%clk 0:20:05]} Qb5 {[%clk 0:00:57]} 41. c4 {[%clk
0:18:48]} Qa4 {[%clk 0:00:38]} 42. b3 {[%clk 0:19:08]} Qa3 {[%clk 0:00:35]} 43.
Bc5 {[%clk 0:19:28]} 1-0

[Event "DVM U20 2017"]
[Site "Düsseldorf GER"]
[Date "2017.12.27"]
[Round "1"]
[White "Ehmann, Thilo"]
[Black "Lechner, Alexander"]
[Result "1/2-1/2"]
[Termination "normal"]
[Board "3.2"]
[WhiteTitle "FM"]
[WhiteElo "2291"]
[BlackElo "1830"]
[WhiteClock "00:04:06"]
[BlackClock "00:18:07"]
[WhiteTeam "SF Sasbach"]
[BlackTeam "Düsseldorfer SK"]
[PlyCount "69"]
[WhiteFideId "12940968"]
[BlackFideId "12956074"]
[EventCountry "GER"]
[EventRounds "7"]
[EventType "team-swiss"]
[EventDate "2017.12.26"]

1. e4 {[%clk 1:30:59]} c6 {[%clk 1:30:53]} 2. c4 {[%clk 1:28:28]} d5 {[%clk
1:31:17]} 3. exd5 {[%clk 1:28:53]} cxd5 {[%clk 1:31:40]} 4. cxd5 {[%clk
1:29:18]} Nf6 {[%clk 1:32:04]} 5. Nc3 {[%clk 1:29:44]} Nxd5 {[%clk 1:32:21]} 6.
Nf3 {[%clk 1:30:08]} Nc6 {[%clk 1:32:41]} 7. Bb5 {[%clk 1:30:34]} e6 {[%clk
1:31:05]} 8. O-O {[%clk 1:30:37]} Be7 {[%clk 1:30:40]} 9. d4 {[%clk 1:28:37]}
O-O {[%clk 1:29:33]} 10. Bd3 {[%clk 1:27:02]} a6 {[%clk 1:27:06]} 11. a3 {[%clk
1:26:49]} Qc7 {[%clk 1:19:43]} 12. Qe2 {[%clk 1:17:43]} g6 {[%clk 1:16:01]} 13.
Bh6 {[%clk 1:12:12]} Rd8 {[%clk 1:13:45]} 14. g3 {[%clk 1:05:31]} Bf6 {[%clk
1:11:38]} 15. Rac1 {[%clk 0:54:15]} Qe7 {[%clk 1:00:28]} 16. Rfd1 {[%clk
0:36:34]} Nxc3 {[%clk 0:54:19]} 17. bxc3 {[%clk 0:36:25]} Qxa3 {[%clk 0:51:03]}
18. Ne5 {[%clk 0:27:55]} Bd7 {[%clk 0:48:53]} 19. h4 {[%clk 0:24:31]} Qe7
{[%clk 0:45:19]} 20. Qe3 {[%clk 0:20:51]} Nxe5 {[%clk 0:39:26]} 21. dxe5 {[%clk
0:21:01]} Bg7 {[%clk 0:39:45]} 22. Bg5 {[%clk 0:19:20]} f6 {[%clk 0:39:38]} 23.
exf6 {[%clk 0:18:54]} Bxf6 {[%clk 0:40:07]} 24. Bc4 {[%clk 0:18:16]} Bxg5
{[%clk 0:39:13]} 25. hxg5 {[%clk 0:18:34]} Re8 {[%clk 0:38:52]} 26. Rd4 {[%clk
0:16:46]} Rad8 {[%clk 0:30:01]} 27. Qe5 {[%clk 0:12:31]} Bc8 {[%clk 0:26:20]}
28. Rcd1 {[%clk 0:11:49]} Rxd4 {[%clk 0:25:27]} 29. Rxd4 {[%clk 0:10:29]} b5
{[%clk 0:24:09]} 30. Ba2 {[%clk 0:08:13]} Qa3 {[%clk 0:23:37]} 31. Qc7 {[%clk
0:08:21]} Qc1+ {[%clk 0:22:51]} 32. Kh2 {[%clk 0:08:05]} Qxg5 {[%clk 0:22:42]}
33. Rf4 {[%clk 0:06:31]} Qe7 {[%clk 0:22:53]} 34. Qe5 {[%clk 0:05:28]} Qg7
{[%clk 0:18:07]} 35. Rf6 {[%clk 0:04:06]} 1/2-1/2

[Event "DVM U20 2017"]
[Site "Düsseldorf GER"]
[Date "2017.12.27"]
[Round "1"]
[White "Zimmer, Raphael"]
[Black "Kaplun, David"]
[Result "1-0"]
[Termination "normal"]
[Board "3.4"]
[WhiteTitle "FM"]
[WhiteElo "2122"]
[BlackElo "1958"]
[WhiteClock "01:01:28"]
[BlackClock "01:15:38"]
[WhiteTeam "SF Sasbach"]
[BlackTeam "Düsseldorfer SK"]
[PlyCount "63"]
[WhiteFideId "12978841"]
[BlackFideId "12901954"]
[EventCountry "GER"]
[EventRounds "7"]
[EventType "team-swiss"]
[EventDate "2017.12.26"]

1. e4 {[%clk 1:30:57]} c5 {[%clk 1:30:55]} 2. Nf3 {[%clk 1:31:18]} e6 {[%clk
1:31:19]} 3. d4 {[%clk 1:31:37]} cxd4 {[%clk 1:31:40]} 4. Nxd4 {[%clk 1:31:57]}
a6 {[%clk 1:32:04]} 5. c4 {[%clk 1:32:10]} Qc7 {[%clk 1:32:26]} 6. Nc3 {[%clk
1:31:14]} Nf6 {[%clk 1:32:48]} 7. a3 {[%clk 1:30:56]} b6 {[%clk 1:32:50]} 8.
Be3 {[%clk 1:30:17]} Bb7 {[%clk 1:33:11]} 9. f3 {[%clk 1:29:48]} d6 {[%clk
1:32:57]} 10. Qd2 {[%clk 1:29:27]} Nbd7 {[%clk 1:33:19]} 11. Rc1 {[%clk
1:29:07]} Be7 {[%clk 1:32:33]} 12. Be2 {[%clk 1:29:03]} Rc8 {[%clk 1:32:56]}
13. O-O {[%clk 1:29:02]} Qb8 {[%clk 1:32:55]} 14. Rfd1 {[%clk 1:28:15]} Bd8
{[%clk 1:32:58]} 15. b4 {[%clk 1:20:53]} O-O {[%clk 1:30:59]} 16. Kh1 {[%clk
1:19:56]} Bc7 {[%clk 1:30:35]} 17. b5 {[%clk 1:17:42]} a5 {[%clk 1:28:19]} 18.
Nc6 {[%clk 1:17:21]} Bxc6 {[%clk 1:28:19]} 19. bxc6 {[%clk 1:17:42]} Ne5 {[%clk
1:27:45]} 20. Nb5 {[%clk 1:16:33]} Rfd8 {[%clk 1:22:56]} 21. Rb1 {[%clk
1:14:37]} Nxc6 {[%clk 1:22:53]} 22. Nxc7 {[%clk 1:13:09]} Rxc7 {[%clk 1:23:21]}
23. Rxb6 {[%clk 1:12:45]} Qc8 {[%clk 1:23:23]} 24. Rb5 {[%clk 1:10:08]} Rb7
{[%clk 1:21:54]} 25. Rdb1 {[%clk 1:05:41]} Rxb5 {[%clk 1:19:14]} 26. cxb5
{[%clk 1:05:53]} Qb7 {[%clk 1:18:22]} 27. Rd1 {[%clk 1:03:33]} Ne5 {[%clk
1:15:59]} 28. Qxa5 {[%clk 1:03:47]} Ra8 {[%clk 1:16:09]} 29. Rxd6 {[%clk
1:03:20]} h5 {[%clk 1:14:45]} 30. Rd8+ {[%clk 1:02:41]} Rxd8 {[%clk 1:15:10]}
31. Qxd8+ {[%clk 1:03:03]} Kh7 {[%clk 1:15:38]} 32. Qd4 {[%clk 1:01:28]} 1-0

[Event "DVM U20 2017"]
[Site "Düsseldorf GER"]
[Date "2017.12.27"]
[Round "1"]
[White "Oezdemir, Edwin-Daniel"]
[Black "Ehmann, Johanna"]
[Result "1/2-1/2"]
[Termination "normal"]
[Board "3.5"]
[WhiteElo "1790"]
[BlackElo "1819"]
[WhiteClock "00:03:11"]
[BlackClock "00:28:19"]
[WhiteTeam "Düsseldorfer SK"]
[BlackTeam "SF Sasbach"]
[PlyCount "51"]
[WhiteFideId "12919055"]
[BlackFideId "12953130"]
[EventCountry "GER"]
[EventRounds "7"]
[EventType "team-swiss"]
[EventDate "2017.12.26"]

1. e4 {[%clk 1:30:58]} e5 {[%clk 1:30:53]} 2. Nf3 {[%clk 1:31:23]} Nc6 {[%clk
1:31:16]} 3. d4 {[%clk 1:31:46]} exd4 {[%clk 1:31:34]} 4. Bc4 {[%clk 1:32:08]}
Bc5 {[%clk 1:31:48]} 5. c3 {[%clk 1:32:20]} Nf6 {[%clk 1:31:56]} 6. cxd4 {[%clk
1:32:27]} Bb4+ {[%clk 1:32:06]} 7. Bd2 {[%clk 1:32:39]} Bxd2+ {[%clk 1:32:23]}
8. Nbxd2 {[%clk 1:33:01]} d5 {[%clk 1:32:35]} 9. exd5 {[%clk 1:33:18]} Nxd5
{[%clk 1:32:54]} 10. Qb3 {[%clk 1:33:24]} Nce7 {[%clk 1:32:59]} 11. O-O {[%clk
1:33:07]} O-O {[%clk 1:33:11]} 12. Rfe1 {[%clk 1:32:53]} c6 {[%clk 1:33:17]}
13. Ne5 {[%clk 1:28:00]} Qb6 {[%clk 1:30:31]} 14. Qxb6 {[%clk 1:10:23]} axb6
15. Ne4 {[%clk 0:58:46]} f6 {[%clk 1:13:22]} 16. Nd3 {[%clk 0:54:50]} Nf5
{[%clk 1:02:10]} 17. Nf4 {[%clk 0:51:16]} Rd8 {[%clk 0:57:18]} 18. Nc3 {[%clk
0:37:53]} Nxd4 {[%clk 0:52:15]} 19. Ncxd5 {[%clk 0:35:50]} cxd5 {[%clk
0:51:45]} 20. Nxd5 {[%clk 0:33:37]} Kf8 {[%clk 0:44:24]} 21. Nxb6 {[%clk
0:29:43]} Rb8 {[%clk 0:40:16]} 22. Nxc8 {[%clk 0:20:35]} Rbxc8 {[%clk 0:40:16]}
23. Rac1 {[%clk 0:19:28]} b5 {[%clk 0:36:45]} 24. Bd3 {[%clk 0:17:04]} Ra8
{[%clk 0:28:35]} 25. Bxh7 {[%clk 0:05:34]} Rxa2 {[%clk 0:28:19]} 26. Kf1 {[%clk
0:03:11]} 1/2-1/2

[Event "DVM U20 2017"]
[Site "Düsseldorf GER"]
[Date "2017.12.27"]
[Round "1"]
[White "Schneider, Edward"]
[Black "Wiedenbruch, Paul"]
[Result "1-0"]
[Termination "normal"]
[Board "3.6"]
[WhiteElo "1673"]
[BlackElo "1391"]
[WhiteClock "00:51:19"]
[BlackClock "00:32:52"]
[WhiteTeam "SF Sasbach"]
[BlackTeam "Düsseldorfer SK"]
[PlyCount "57"]
[WhiteFideId "16200870"]
[BlackFideId "16207343"]
[EventCountry "GER"]
[EventRounds "7"]
[EventType "team-swiss"]
[EventDate "2017.12.26"]

1. e4 {[%clk 1:30:58]} c5 {[%clk 1:30:58]} 2. Nf3 {[%clk 1:31:20]} d6 {[%clk
1:31:26]} 3. d4 {[%clk 1:31:43]} cxd4 {[%clk 1:31:50]} 4. Nxd4 {[%clk 1:32:05]}
Nf6 {[%clk 1:32:18]} 5. Nc3 {[%clk 1:32:21]} Nc6 {[%clk 1:32:39]} 6. f3 {[%clk
1:32:16]} g6 {[%clk 1:32:59]} 7. Be3 {[%clk 1:32:36]} Bg7 {[%clk 1:33:23]} 8.
Qd2 {[%clk 1:32:47]} O-O {[%clk 1:33:43]} 9. O-O-O {[%clk 1:33:00]} Bd7 {[%clk
1:33:31]} 10. Kb1 {[%clk 1:33:21]} a6 {[%clk 1:32:57]} 11. g4 {[%clk 1:32:10]}
Rc8 {[%clk 1:31:25]} 12. h4 {[%clk 1:31:00]} b5 {[%clk 1:31:24]} 13. h5 {[%clk
1:30:38]} Qa5 {[%clk 1:23:07]} 14. hxg6 {[%clk 1:29:46]} fxg6 15. Qh2 {[%clk
1:25:17]} Nxd4 {[%clk 1:13:11]} 16. Bxd4 {[%clk 1:23:21]} e5 {[%clk 1:05:13]}
17. Be3 {[%clk 1:21:45]} Be6 {[%clk 0:54:09]} 18. Nd5 {[%clk 1:10:36]} Bxd5
{[%clk 0:52:33]} 19. exd5 {[%clk 1:10:54]} Qc7 {[%clk 0:44:09]} 20. Bh3 {[%clk
1:01:26]} Rb8 {[%clk 0:40:10]} 21. g5 {[%clk 0:59:37]} Nh5 {[%clk 0:40:14]} 22.
Bg4 {[%clk 0:58:34]} Rfe8 {[%clk 0:37:32]} 23. Bxh5 {[%clk 0:56:55]} gxh5
{[%clk 0:37:53]} 24. Qxh5 {[%clk 0:57:08]} Bf8 {[%clk 0:37:55]} 25. g6 {[%clk
0:55:46]} Re7 {[%clk 0:37:31]} 26. Rdg1 {[%clk 0:55:12]} Bg7 {[%clk 0:33:32]}
27. Qxh7+ {[%clk 0:54:07]} Kf8 {[%clk 0:33:38]} 28. Bh6 {[%clk 0:51:18]} Rb7
{[%clk 0:32:52]} 29. Qh8# {[%clk 0:51:19]} 1-0

[Event "DVM U20 2017"]
[Site "Düsseldorf GER"]
[Date "2017.12.27"]
[Round "1"]
[White "Martin, Julian"]
[Black "Zähringer, Daniel"]
[Result "0-1"]
[Termination "normal"]
[Board "4.1"]
[WhiteTitle "FM"]
[WhiteElo "2429"]
[BlackElo "2042"]
[WhiteTeam "OSG Baden-Baden"]
[BlackTeam "SK König Plauen"]
[PlyCount "132"]
[WhiteFideId "12941000"]
[BlackFideId "12970280"]
[EventCountry "GER"]
[EventRounds "7"]
[EventType "team-swiss"]
[EventDate "2017.12.26"]

1. e4 e5 2. Nf3 Nf6 3. Nc3 Nc6 4. Bb5 Nd4 5. Ba4 Nxf3+ 6. Qxf3 Bc5 7. d3 c6 8.
Be3 Bxe3 9. fxe3 O-O 10. Bb3 d6 11. O-O Be6 12. Ne2 d5 13. Ng3 a5 14. exd5 Bg4
15. Qf2 a4 16. dxc6 axb3 17. cxb7 Rxa2 18. Rxa2 bxa2 19. Ra1 Qb6 20. Rxa2 Qxb7
21. e4 Be6 22. b3 Qb4 23. h3 Ne8 24. Ra4 Qc3 25. d4 exd4 26. Rxd4 Nf6 27. Rd3
Qc6 28. Re3 Rd8 29. c4 Rd1+ 30. Kh2 Qc5 31. Qf3 Ra1 32. e5 Nd7 33. Qf4 h6 34.
Nh5 Nf8 35. Qe4 Ng6 36. Nf4 Nxf4 37. Qxf4 Rd1 38. Qe4 Qd4 39. Qf3 Rd2 40. Re4
Qb2 41. Re3 Qd4 42. Re4 Qf2 43. Qxf2 Rxf2 44. Kg3 Rc2 45. Re3 Kf8 46. Kf3 Ke7
47. g4 Kd7 48. Ke4 Kc6 49. Kd4 Rc1 50. Rd3 Re1 51. Rf3 Rh1 52. Rg3 g6 53. b4
Rb1 54. b5+ Kb6 55. Rc3 Rd1+ 56. Ke3 Kc5 57. Kf2 Bxc4 58. b6 Rb1 59. Ra3 Rxb6
60. Ra8 Kd4 61. Rh8 Kxe5 62. Rxh6 Kf4 63. Rh7 Rb2+ 64. Ke1 Ke3 65. Kd1 Bd3 66.
Rxf7 Rb1# 0-1

[Event "DVM U20 2017"]
[Site "Düsseldorf GER"]
[Date "2017.12.27"]
[Round "1"]
[White "Fischer, Erik"]
[Black "Heinemann, Josefine"]
[Result "1/2-1/2"]
[Termination "normal"]
[Board "4.2"]
[BlackTitle "WIM"]
[WhiteElo "1953"]
[BlackElo "2245"]
[WhiteTeam "SK König Plauen"]
[BlackTeam "OSG Baden-Baden"]
[PlyCount "147"]
[WhiteFideId "12956678"]
[BlackFideId "12900460"]
[EventCountry "GER"]
[EventRounds "7"]
[EventType "team-swiss"]
[EventDate "2017.12.26"]

1. e4 c5 2. Nf3 d6 3. Bb5+ Nd7 4. O-O a6 5. Bxd7+ Bxd7 6. d4 cxd4 7. Qxd4 e5 8.
Qd3 Rc8 9. Nc3 h6 10. Be3 Nf6 11. Nd2 Qc7 12. Rfd1 Be7 13. a4 O-O 14. a5 Be6
15. Bb6 Qc6 16. Nf1 Nd7 17. Ne3 Nxb6 18. axb6 Rfe8 19. Ncd5 Bxd5 20. Nxd5 Qxc2
21. Nc7 Qxd3 22. Rxd3 Red8 23. Kf1 Kf8 24. Rad1 g6 25. f3 d5 26. Rxd5 Rxd5 27.
Rxd5 Rd8 28. Ke2 Rxd5 29. Nxd5 Bc5 30. Kd3 Bd4 31. b3 Ke8 32. Nf6+ Ke7 33. Ng8+
Ke6 34. Nxh6 Bxb6 35. h3 Bg1 36. Ng4 b5 37. Ne3 a5 38. Nd5 Kd6 39. Kc3 Bd4+ 40.
Kd3 Bf2 41. Kc3 Kc5 42. Kd3 Bh4 43. Kc3 Bd8 44. g3 f5 45. Kd3 fxe4+ 46. fxe4
Kc6 47. Kc3 Kd6 48. Kc2 Bg5 49. Kc3 Bc1 50. b4 a4 51. Kc2 Bh6 52. Kb2 Bf8 53.
Kc2 Kd7 54. Kb2 Bh6 55. Kc2 Kd6 56. Kc3 Bc1 57. Kc2 Bg5 58. Kc3 {(=)} Bh6 59.
Kc2 Bf8 60. Kc3 Kd7 61. Nf6+ Ke6 62. Nd5 Bd6 63. Kb2 Kd7 64. Kc3 Bb8 65. Nf6+
Kd6 66. Nd5 Ba7 67. Kc2 Bf2 68. g4 Be1 69. Kb2 Bf2 70. Ka3 Bh4 71. Nc3 Kc6 72.
Nd5 Kd6 73. Nc3 Kc6 74. Nd5 1/2-1/2

[Event "DVM U20 2017"]
[Site "Düsseldorf GER"]
[Date "2017.12.27"]
[Round "1"]
[White "Becker, Dirk"]
[Black "Linnert, Niklas"]
[Result "1-0"]
[Termination "normal"]
[Board "4.3"]
[WhiteElo "2258"]
[BlackElo "1979"]
[WhiteTeam "OSG Baden-Baden"]
[BlackTeam "SK König Plauen"]
[PlyCount "63"]
[WhiteFideId "12938564"]
[BlackFideId "12974781"]
[EventCountry "GER"]
[EventRounds "7"]
[EventType "team-swiss"]
[EventDate "2017.12.26"]

1. e4 c5 2. Nf3 e6 3. c4 Nc6 4. Nc3 Nf6 5. Be2 d5 6. exd5 exd5 7. d4 Be6 8. Be3
cxd4 9. Nxd4 Nxd4 10. Bxd4 dxc4 11. Qa4+ Bd7 12. Qxc4 Be7 13. O-O O-O 14. Rad1
Be6 15. Qb5 Qc7 16. Rfe1 a6 17. Qb6 Qxb6 18. Bxb6 Bb4 19. Bf3 Nd7 20. Rxe6 fxe6
21. Rxd7 Rf7 22. Rd1 Rc8 23. Ne4 Rc2 24. a3 Be7 25. b4 g5 26. h3 h6 27. Nc5 Bf6
28. Nxe6 Rc3 29. a4 Kh8 30. Nc5 Kg7 31. a5 Be5 32. Nd7 1-0

[Event "DVM U20 2017"]
[Site "Düsseldorf GER"]
[Date "2017.12.27"]
[Round "1"]
[White "Merkel, Toni"]
[Black "Weis, Olga"]
[Result "0-1"]
[Termination "normal"]
[Board "4.4"]
[WhiteElo "1884"]
[BlackElo "1971"]
[WhiteTeam "SK König Plauen"]
[BlackTeam "OSG Baden-Baden"]
[PlyCount "70"]
[WhiteFideId "12902624"]
[BlackFideId "1270234"]
[EventCountry "GER"]
[EventRounds "7"]
[EventType "team-swiss"]
[EventDate "2017.12.26"]

1. e4 c5 2. Nf3 e6 3. d4 cxd4 4. Nxd4 Nf6 5. Nc3 Nc6 6. Ndb5 Bb4 7. Nd6+ Ke7 8.
Nxc8+ Rxc8 9. Bd3 Bxc3+ 10. bxc3 Qa5 11. O-O Qxc3 12. Rb1 b6 13. Rb3 Qe5 14.
Rb5 Qc7 15. Ba3+ d6 16. e5 Ne8 17. Be4 Nxe5 18. Rxe5 Qc3 19. Bb7 Qxe5 20. Bxc8
Qc3 21. Bxe6 fxe6 22. Bc1 Nf6 23. Bf4 e5 24. Bd2 Qc4 25. a3 Rc8 26. Bb4 Rc6 27.
Re1 Ke6 28. Qf3 Qxc2 29. Qh3+ Kf7 30. f4 e4 31. g4 Qd3 32. Qxd3 exd3 33. h3 a5
34. Bd2 Rc2 35. Be3 Nd5 0-1